00450nam a22001577a 450000500170000001000150001702000270003203500130005903700130007208200130008524500800009826000260017827000430020430000250024770000200027220130924105419.0 aENG-108093 c1295.00a9789380574431 aEN-91626 bDBAD/PUB a338.9541 aThe dynamics of development in North-East India /cedited by Kedilezo Kikhi aDelhibBookwellc2013 a3/79, Nirankari Colony,bDelhie110009 axxvi,446p.c24cm(Hb) aKikhi, Kedilezo